|
|
|
|
| LEADER |
00000nab a2200000 a 4500 |
| 001 |
vtls000777163 |
| 003 |
SK-MaSNL |
| 005 |
20260302152744.0 |
| 008 |
140301c2001 xo 0 slo |
| 015 |
|
|
|a SNBRB2001/12-35000
|
| 035 |
|
|
|a CLN000128949
|
| 040 |
|
|
|a SNKBUCL
|b slo
|c SNKBUCL
|e AACR2
|
| 041 |
0 |
|
|a slo
|
| 044 |
|
|
|a xo
|c SK
|
| 080 |
|
|
|a 336.744(4)
|2 1997
|
| 100 |
1 |
|
|a Gašparovič, Rastislav
|4 aut
|9 846661
|
| 245 |
1 |
0 |
|a Manévre zvané euro
|c Rastislav Gašparovič
|
| 300 |
|
|
|b Fotogr.
|
| 650 |
0 |
7 |
|a mena európska jednotná
|x zavádzanie
|2 snkbucl
|9 846400
|
| 655 |
|
7 |
|a články z novín a časopisov
|2 snkbucl
|9 267496
|
| 773 |
0 |
|
|t Hospodárske noviny
|g Roč. 9, č. 193 (5.-7.10.2001)
|x 1335-4701
|
| 773 |
0 |
|
|t [Príl.] Copernicus 2001
|g Č. 40, s. 17-18
|x 1335-4701
|
| 850 |
|
|
|a Slovenská národná knižnica v Martine
|
| 852 |
|
|
|a SNK
|b KIS3GCP
|
| 992 |
|
|
|a RBX
|
| 999 |
|
|
|c 1363376
|d 1365306
|